LIBRARY & INFORMATION CENTRE, KCAET, TAVANUR

ONLINE PUBLIC ACCESS CATALOGUE (OPAC)

Sarada / (Record no. 495)

MARC details
000 -LEADER
fixed length control field 00492cam a2200205ua 4500
041 ## - LANGUAGE CODE
Language code of text/sound track or separate title mal
082 ## - DEWEY DECIMAL CLASSIFICATION NUMBER
Classification number 894.812 308
Item number CHA/SA
100 ## - MAIN ENTRY--AUTHOR NAME
Personal name Chandu Menon, Oyyarathu.
245 ## - TITLE STATEMENT
Title Sarada /
250 ## - EDITION STATEMENT
Edition statement 2 /
260 ## - PUBLICATION, DISTRIBUTION, ETC. (IMPRINT)
Place of publication Kottayam :
Name of publisher Vidyarthi Mithram Book Depo ,
Year of publication 1961.
300 ## - PHYSICAL DESCRIPTION
Number of Pages 180 ; .
942 ## - ADDED ENTRY ELEMENTS (KOHA)
Koha item type Books
003 - CONTROL NUMBER IDENTIFIER
control field
Holdings
Withdrawn status Lost status Damaged status Home library Current library Date acquired Full call number Accession Number Koha item type Cost, normal purchase price
Withdrawn     KAUAET KAUAET 07/04/2012 894.812 308 1306 Books 2.00
      KAUAET KAUAET 27/10/2023 894.812 308 CHA/SA 12095 Books  
Withdrawn     KAUAET Malayalam University 07/04/2012 894.812 308 28 Books  
Withdrawn     KAUAET Malayalam University 27/11/2023 894.812 308 CHA/SA 12096 Books  
free website counter